| 000 | 00486 a2200157 4500 | ||
|---|---|---|---|
| 999 |
_c2592 _d2592 |
||
| 020 | _a9780198075349 | ||
| 050 | _aHD 30.22 SAL 2012 | ||
| 100 | _aSalvatore, Dominick | ||
| 245 |
_aManagerial economics _bprinciples and worldwide applications / _cDominick Salvatore and Ravikesh Srivastava |
||
| 250 | _a7th ed. | ||
| 264 |
_aOxford _bOxford Press _c2012 |
||
| 300 | _axxix,707p. | ||
| 500 | _aincludes index | ||
| 650 | _aManagerial economics | ||
| 942 |
_2lcc _cBK _e7th ed. _h30.22 _iSAL _kHD |
||